[Event "National Elementary Championship"]
[Site "Columbus, Ohio, United States"]
[Date "2022.05.14"]
[Round "5.1"]
[White "Shetty, Anshul"]
[Black "Liu, Eric"]
[Result "1/2-1/2"]
[TimeControl "G/90;d5"]
[WhiteElo "2035"]
[BlackElo "2166"]

1. e4 {[%clk 01:30:00]} c5 {[%clk 01:30:00]} 2. Nf3 {[%clk 01:29:56]} {[%emt
00:00:16]} d6 {[%clk 01:30:00]} 3. Bb5+ {[%clk 01:29:46]} {[%emt 00:00:09]} Nd7
{[%clk 01:30:00]} 4. Ba4 {[%clk 01:29:41]} {[%emt 00:00:06]} Ngf6 {[%clk
01:28:40]} {[%emt 00:01:26]} 5. O-O {[%clk 01:29:23]} {[%emt 00:00:53]} a6
{[%clk 01:13:42]} {[%emt 00:14:35]} 6. c4 {[%clk 01:29:21]} {[%emt 00:00:04]}
e5 {[%clk 01:09:23]} {[%emt 00:04:39]} 7. Nc3 {[%clk 01:27:19]} {[%emt
00:01:53]} g6 {[%clk 01:06:52]} {[%emt 00:03:00]} 8. d3 {[%clk 01:24:51]}
{[%emt 00:02:20]} Bg7 {[%clk 01:05:35]} {[%emt 00:01:11]} 9. Ne1 {[%clk
01:22:04]} {[%emt 00:02:56]} O-O {[%clk 00:56:52]} {[%emt 00:08:46]} 10. f4
{[%clk 01:18:39]} {[%emt 00:03:39]} exf4 {[%clk 00:50:53]} {[%emt 00:05:53]} 11.
Bxf4 {[%clk 01:16:13]} {[%emt 00:03:13]} Ne5 {[%clk 00:49:16]} {[%emt
00:01:01]} 12. Qd2 {[%clk 01:13:21]} {[%emt 00:02:57]} Nfd7 {[%clk 00:42:24]}
{[%emt 00:06:53]} 13. Nc2 {[%clk 01:08:58]} {[%emt 00:04:31]} Nb6 {[%clk
00:40:33]} {[%emt 00:01:55]} 14. Bb3 {[%clk 01:05:47]} {[%emt 00:03:15]} Be6
{[%clk 00:36:51]} {[%emt 00:03:50]} 15. Ne3 {[%clk 01:03:41]} {[%emt 00:02:11]}
Nc6 {[%clk 00:34:16]} {[%emt 00:02:39]} 16. Bd1 {[%clk 01:01:15]} {[%emt
00:02:30]} Nd4 {[%clk 00:30:18]} {[%emt 00:04:03]} 17. Rb1 {[%clk 00:57:22]}
{[%emt 00:03:58]} Be5 {[%clk 00:22:05]} {[%emt 00:08:17]} 18. Bg4 {[%clk
00:49:38]} {[%emt 00:07:48]} Nd7 {[%clk 00:18:05]} {[%emt 00:04:07]} 19. Ncd5
{[%clk 00:46:24]} {[%emt 00:03:54]} Bxf4 {[%clk 00:14:30]} {[%emt 00:03:04]} 20.
Nxf4 {[%clk 00:45:14]} {[%emt 00:01:23]} Qg5 {[%clk 00:13:29]} {[%emt
00:00:59]} 21. Bh3 {[%clk 00:31:54]} {[%emt 00:13:24]} Ne5 {[%clk 00:12:14]}
{[%emt 00:01:22]} 22. Kh1 {[%clk 00:30:39]} {[%emt 00:01:18]} b5 {[%clk
00:10:57]} {[%emt 00:01:22]} 23. b3 {[%clk 00:28:37]} {[%emt 00:02:09]} b4
{[%clk 00:09:04]} {[%emt 00:01:55]} 24. Rbd1 {[%clk 00:26:13]} {[%emt
00:02:35]} a5 {[%clk 00:07:47]} {[%emt 00:01:44]} 25. Nc2 {[%clk 00:23:49]}
{[%emt 00:02:09]} Nec6 {[%clk 00:05:29]} {[%emt 00:02:17]} 26. Nxd4 {[%clk
00:20:43]} {[%emt 00:03:13]} Nxd4 {[%clk 00:05:20]} {[%emt 00:00:18]} 27. Rf2
{[%clk 00:14:30]} {[%emt 00:06:11]} a4 {[%clk 00:04:19]} {[%emt 00:01:24]} 28.
bxa4 {[%clk 00:12:06]} {[%emt 00:02:10]} Bxh3 {[%clk 00:04:08]} {[%emt
00:00:16]} 29. gxh3 {[%clk 00:11:51]} {[%emt 00:00:52]} f5 {[%clk 00:02:07]}
{[%emt 00:01:34]} 30. Rg1 {[%clk 00:11:46]} {[%emt 00:00:30]} Qf6 {[%clk
00:01:19]} {[%emt 00:00:33]} 31. Nd5 {[%clk 00:11:14]} {[%emt 00:00:37]} Qf7
{[%clk 00:01:14]} {[%emt 00:00:13]} 32. exf5 {[%clk 00:10:57]} {[%emt
00:02:54]} Kh8 {[%clk 00:00:29]} {[%emt 00:00:47]} 33. fxg6 {[%clk 00:09:45]}
{[%emt 00:01:18]} Qg7 {[%clk 00:00:29]} {[%emt 00:00:08]} 34. gxh7 {[%clk
00:08:55]} {[%emt 00:00:49]} Rxf2 {[%clk 00:00:29]} {[%emt 00:00:32]} 35. Qxf2
{[%clk 00:08:51]} {[%emt 00:00:03]} Rf8 {[%clk 00:00:17]} 36. Nf4 {[%clk
00:07:55]} {[%emt 00:00:55]} Rxf4 {[%clk 00:00:14]} {[%emt 00:00:14]} 37. Qe1
{[%clk 00:06:00]} {[%emt 00:01:55]} Qb7+ {[%clk 00:00:14]} {[%emt 00:00:12]} 38.
Rg2 {[%clk 00:06:00]} {[%emt 00:00:03]} Rf8 {[%clk 00:00:12]} {[%emt 00:00:04]}
39. a5 {[%clk 00:04:55]} {[%emt 00:01:24]} Qf7 {[%clk 00:00:12]} 40. Rg8+
{[%clk 00:04:46]} {[%emt 00:00:04]} Rxg8 {[%clk 00:00:12]} {[%emt 00:00:03]} 41.
hxg8=Q+ {[%clk 00:04:46]} Kxg8 {[%clk 00:00:12]} {[%emt 00:00:07]} 42. Qg3+
{[%clk 00:04:45]} {[%emt 00:00:04]} Kh7 {[%clk 00:00:12]} {[%emt 00:00:07]} 43.
Qh4+ {[%clk 00:04:45]} {[%emt 00:00:04]} Kg6 {[%clk 00:00:12]} 44. Qg3+ {[%clk
00:04:45]} {[%emt 00:00:04]} Kh7 {[%clk 00:00:11]} {[%emt 00:00:07]} 45. Qh4+
{[%clk 00:04:45]} {[%emt 00:00:04]} Kg8 {[%clk 00:00:11]} 46. Qg3+ {[%clk
00:04:45]} Kh7 {[%clk 00:00:11]} {[%emt 00:00:07]} 47. Qh4+ {[%clk 00:04:45]}
1/2-1/2

[Event "National Elementary Championship"]
[Site "Columbus, Ohio, United States"]
[Date "2022.05.14"]
[Round "5.2"]
[White "Wang, Isaac"]
[Black "Colville, Julian"]
[Result "1-0"]
[TimeControl "G/90;d5"]
[WhiteElo "2209"]
[BlackElo "1950"]

1. d4 {[%clk 01:30:00]} {[%emt 00:01:06]} e6 {[%clk 01:30:00]} 2. c4 {[%clk
01:30:00]} f5 {[%clk 01:30:00]} 3. Nc3 {[%clk 01:30:00]} Nf6 {[%clk 01:30:00]}
4. Bg5 {[%clk 01:30:00]} Be7 {[%clk 01:30:00]} 5. e3 {[%clk 01:30:00]} O-O
{[%clk 01:29:52]} {[%emt 00:00:04]} 6. Bd3 {[%clk 01:30:00]} b6 {[%clk
01:29:31]} {[%emt 00:00:09]} 7. Nge2 {[%clk 01:29:58]} {[%emt 00:00:12]} Bb7
{[%clk 01:29:26]} {[%emt 00:00:05]} 8. O-O {[%clk 01:29:46]} {[%emt 00:00:22]}
Ne4 {[%clk 01:28:27]} {[%emt 00:01:03]} 9. Bxe4 {[%clk 01:28:45]} {[%emt
00:01:13]} fxe4 {[%clk 01:28:19]} {[%emt 00:00:05]} 10. Bxe7 {[%clk 01:28:31]}
{[%emt 00:00:16]} Qxe7 {[%clk 01:28:18]} {[%emt 00:00:48]} 11. Nf4 {[%clk
01:27:22]} {[%emt 00:00:34]} Qf7 {[%clk 01:26:31]} {[%emt 00:01:54]} 12. d5
{[%clk 01:23:59]} {[%emt 00:03:53]} exd5 {[%clk 01:26:06]} {[%emt 00:00:04]} 13.
cxd5 {[%clk 01:23:45]} {[%emt 00:00:57]} Qf5 {[%clk 01:21:58]} {[%emt
00:03:37]} 14. h4 {[%clk 01:06:28]} {[%emt 00:17:24]} Na6 {[%clk 01:20:52]}
{[%emt 00:01:05]} 15. Qd4 {[%clk 01:03:33]} {[%emt 00:02:59]} Rae8 {[%clk
01:20:28]} {[%emt 00:00:31]} 16. b4 {[%clk 00:59:57]} {[%emt 00:03:39]} Qe5
{[%clk 01:18:32]} {[%emt 00:02:01]} 17. Rfd1 {[%clk 00:56:40]} {[%emt
00:03:22]} Rf5 {[%clk 01:12:12]} {[%emt 00:06:23]} 18. Rac1 {[%clk 00:53:16]}
{[%emt 00:03:32]} Qe7 {[%clk 00:56:55]} {[%emt 00:15:24]} 19. a3 {[%clk
00:46:31]} {[%emt 00:06:49]} Qxh4 {[%clk 00:56:39]} {[%emt 00:00:17]} 20. Nxe4
{[%clk 00:45:30]} {[%emt 00:01:31]} Ree5 {[%clk 00:45:09]} {[%emt 00:11:12]} 21.
Ng3 {[%clk 00:39:13]} {[%emt 00:06:35]} Rg5 {[%clk 00:40:29]} {[%emt 00:04:29]}
22. Nh3 {[%clk 00:37:48]} {[%emt 00:01:32]} Qxd4 {[%clk 00:40:01]} {[%emt
00:00:32]} 23. exd4 {[%clk 00:37:23]} {[%emt 00:00:30]} Rxd5 {[%clk 00:38:24]}
{[%emt 00:01:42]} 24. Nxg5 {[%clk 00:36:40]} {[%emt 00:00:49]} Rxg5 {[%clk
00:38:23]} {[%emt 00:00:31]} 25. Re1 {[%clk 00:35:38]} {[%emt 00:00:45]} d6
{[%clk 00:36:25]} {[%emt 00:02:00]} 26. Ne4 {[%clk 00:34:08]} {[%emt 00:02:08]}
Rd5 {[%clk 00:35:53]} {[%emt 00:00:05]} 27. Red1 {[%clk 00:31:53]} {[%emt
00:02:20]} c5 {[%clk 00:35:00]} {[%emt 00:00:56]} 28. dxc5 {[%clk 00:30:37]}
{[%emt 00:01:58]} dxc5 {[%clk 00:33:54]} {[%emt 00:00:34]} 29. Nc3 {[%clk
00:27:53]} {[%emt 00:03:14]} Rf5 {[%clk 00:32:50]} {[%emt 00:00:42]} 30. Nb5
{[%clk 00:23:23]} {[%emt 00:04:41]} Bd5 {[%clk 00:30:58]} {[%emt 00:01:52]} 31.
f4 {[%clk 00:14:46]} {[%emt 00:08:42]} Rh5 {[%clk 00:26:37]} {[%emt 00:04:26]}
32. Nc3 {[%clk 00:12:50]} {[%emt 00:02:17]} Be6 {[%clk 00:26:01]} {[%emt
00:00:23]} 33. Rd8+ {[%clk 00:12:27]} {[%emt 00:00:30]} Kf7 {[%clk 00:25:58]}
{[%emt 00:00:34]} 34. Ra8 {[%clk 00:12:20]} {[%emt 00:00:16]} cxb4 {[%clk
00:25:53]} 35. Rxa7+ {[%clk 00:12:17]} Kg8 {[%clk 00:20:19]} {[%emt 00:05:44]}
36. Rxa6 {[%clk 00:12:08]} bxc3 {[%clk 00:20:06]} {[%emt 00:00:17]} 37. Rxb6
{[%clk 00:12:01]} {[%emt 00:00:10]} Bd5 {[%clk 00:18:26]} {[%emt 00:01:46]} 38.
Rxc3 {[%clk 00:11:56]} {[%emt 00:00:09]} h6 {[%clk 00:18:15]} {[%emt 00:00:16]}
39. Rb5 {[%clk 00:11:34]} {[%emt 00:00:34]} Kf7 {[%clk 00:17:45]} {[%emt
00:00:28]} 40. Re3 {[%clk 00:10:43]} {[%emt 00:01:13]} Kf6 {[%clk 00:16:50]}
{[%emt 00:00:43]} 41. a4 {[%clk 00:10:31]} {[%emt 00:00:45]} Rf5 {[%clk
00:15:58]} {[%emt 00:00:28]} 42. a5 {[%clk 00:09:52]} {[%emt 00:00:45]} g5
{[%clk 00:14:32]} {[%emt 00:01:30]} 43. fxg5+ {[%clk 00:09:23]} {[%emt
00:00:35]} Rxg5 {[%clk 00:14:22]} {[%emt 00:00:22]} 44. Re2 {[%clk 00:08:57]}
{[%emt 00:00:22]} h5 {[%clk 00:12:01]} {[%emt 00:02:31]} 45. a6 {[%clk
00:08:26]} {[%emt 00:00:49]} Bc4 {[%clk 00:11:53]} {[%emt 00:00:17]} 46. Rxg5
{[%clk 00:08:04]} {[%emt 00:00:09]} Bxa6 {[%clk 00:11:41]} {[%emt 00:00:17]} 47.
Ree5 {[%clk 00:07:57]} {[%emt 00:00:27]} Be2 {[%clk 00:11:34]} {[%emt
00:00:08]} 48. Rxh5 {[%clk 00:07:46]} {[%emt 00:00:05]} Bxh5 {[%clk 00:11:30]}
{[%emt 00:00:14]} 49. Rxh5 {[%clk 00:07:45]} {[%emt 00:00:03]} Kg6 {[%clk
00:11:30]} {[%emt 00:00:04]} 50. g4 {[%clk 00:07:45]} {[%emt 00:00:05]} Kf6
{[%clk 00:11:30]} {[%emt 00:00:06]} 51. Kg2 {[%clk 00:07:45]} {[%emt 00:00:03]}
Kg6 {[%clk 00:11:24]} {[%emt 00:00:09]} 52. Kf3 {[%clk 00:07:45]} {[%emt
00:00:05]} Kf6 {[%clk 00:11:23]} {[%emt 00:00:05]} 53. Kf4 {[%clk 00:07:45]}
{[%emt 00:00:14]} Kg6 {[%clk 00:11:16]} 54. Ra5 {[%clk 00:07:45]} 1-0

[Event "National Elementary Championship"]
[Site "Columbus, Ohio, United States"]
[Date "2022.05.14"]
[Round "5.3"]
[White "Tessiore, Luca"]
[Black "Golsefidy, Sepehr"]
[Result "1/2-1/2"]
[TimeControl "G/90;d5"]
[WhiteElo "1850"]
[BlackElo "2080"]

1. d4 {[%clk 01:30:00]} Nf6 {[%clk 01:29:48]} {[%emt 00:00:17]} 2. c4 {[%clk
01:30:00]} {[%emt 00:00:06]} c5 {[%clk 01:29:48]} {[%emt 00:00:02]} 3. d5
{[%clk 01:29:59]} {[%emt 00:00:06]} b5 {[%clk 01:29:48]} {[%emt 00:00:02]} 4.
cxb5 {[%clk 01:29:51]} {[%emt 00:00:13]} a6 {[%clk 01:29:48]} {[%emt 00:00:04]}
5. bxa6 {[%clk 01:29:48]} {[%emt 00:00:08]} g6 {[%clk 01:29:48]} {[%emt
00:00:05]} 6. Nc3 {[%clk 01:29:48]} {[%emt 00:00:04]} Bg7 {[%clk 01:29:34]}
{[%emt 00:00:19]} 7. e4 {[%clk 01:29:48]} {[%emt 00:00:05]} O-O {[%clk
01:29:27]} {[%emt 00:00:12]} 8. Nf3 {[%clk 01:29:29]} {[%emt 00:00:23]} Qa5
{[%clk 01:29:25]} {[%emt 00:00:08]} 9. Bd3 {[%clk 01:28:41]} {[%emt 00:00:52]}
Nxd5 {[%clk 01:29:23]} {[%emt 00:00:08]} 10. exd5 {[%clk 01:27:55]} {[%emt
00:00:51]} Bxc3+ {[%clk 01:29:23]} {[%emt 00:00:03]} 11. Bd2 {[%clk 01:27:52]}
{[%emt 00:00:08]} Bxd2+ {[%clk 01:28:42]} {[%emt 00:00:45]} 12. Qxd2 {[%clk
01:27:52]} {[%emt 00:00:03]} Qxd2+ {[%clk 01:28:18]} {[%emt 00:00:30]} 13. Kxd2
{[%clk 01:27:13]} {[%emt 00:00:44]} Nxa6 {[%clk 01:23:33]} {[%emt 00:04:50]} 14.
Bc4 {[%clk 01:24:16]} {[%emt 00:03:02]} Bb7 {[%clk 01:09:06]} {[%emt 00:14:33]}
15. Ne5 {[%clk 01:18:56]} {[%emt 00:05:23]} Rad8 {[%clk 01:06:56]} {[%emt
00:02:15]} 16. Kc3 {[%clk 01:18:10]} {[%emt 00:00:51]} Nc7 {[%clk 01:04:47]}
{[%emt 00:02:15]} 17. Rhd1 {[%clk 01:18:05]} {[%emt 00:00:10]} d6 {[%clk
01:03:50]} {[%emt 00:01:02]} 18. Ng4 {[%clk 01:16:50]} {[%emt 00:01:20]} e6
{[%clk 00:55:47]} {[%emt 00:08:09]} 19. Ne3 {[%clk 01:16:03]} {[%emt 00:00:51]}
e5 {[%clk 00:55:04]} {[%emt 00:00:49]} 20. f3 {[%clk 01:09:17]} {[%emt
00:06:49]} f5 {[%clk 00:54:24]} {[%emt 00:00:45]} 21. Rd2 {[%clk 01:08:02]}
{[%emt 00:01:21]} Rde8 {[%clk 00:51:54]} {[%emt 00:02:34]} 22. Re1 {[%clk
01:07:25]} {[%emt 00:00:42]} Bc8 {[%clk 00:39:21]} {[%emt 00:12:39]} 23. a4
{[%clk 01:01:43]} {[%emt 00:05:48]} f4 {[%clk 00:35:02]} {[%emt 00:04:23]} 24.
Nd1 {[%clk 01:01:29]} {[%emt 00:00:18]} Bf5 {[%clk 00:34:48]} {[%emt 00:00:20]}
25. Nf2 {[%clk 01:01:02]} 1/2-1/2

[Event "National Elementary Championship"]
[Site "Columbus, Ohio, United States"]
[Date "2022.05.14"]
[Round "5.4"]
[White "Vemparala, Nikash"]
[Black "Diao, Matthew"]
[Result "1-0"]
[TimeControl "G/90;d5"]
[WhiteElo "2063"]
[BlackElo "1794"]

1. e4 {[%clk 01:30:00]} {[%emt 00:00:02]} c5 {[%clk 01:30:00]} {[%emt
00:00:05]} 2. Nf3 {[%clk 01:30:00]} {[%emt 00:00:06]} e6 {[%clk 01:29:59]}
{[%emt 00:00:07]} 3. g3 {[%clk 01:30:00]} {[%emt 00:00:04]} Nc6 {[%clk
01:29:51]} {[%emt 00:00:13]} 4. Bg2 {[%clk 01:30:00]} {[%emt 00:00:04]} d6
{[%clk 01:29:21]} {[%emt 00:00:35]} 5. O-O {[%clk 01:29:51]} {[%emt 00:00:14]}
Be7 {[%clk 01:29:05]} {[%emt 00:00:21]} 6. c3 {[%clk 01:29:40]} {[%emt
00:00:16]} Nf6 {[%clk 01:28:16]} {[%emt 00:00:53]} 7. Re1 {[%clk 01:29:24]}
{[%emt 00:00:19]} Qc7 {[%clk 01:27:25]} {[%emt 00:00:59]} 8. d4 {[%clk
01:27:36]} {[%emt 00:01:52]} cxd4 {[%clk 01:22:36]} {[%emt 00:04:55]} 9. cxd4
{[%clk 01:26:48]} {[%emt 00:00:52]} d5 {[%clk 01:19:57]} {[%emt 00:02:45]} 10.
e5 {[%clk 01:25:23]} {[%emt 00:01:31]} Nd7 {[%clk 01:19:10]} {[%emt 00:00:51]}
11. Nc3 {[%clk 01:24:11]} {[%emt 00:01:17]} O-O {[%clk 01:16:37]} {[%emt
00:02:37]} 12. Bf4 {[%clk 01:20:32]} {[%emt 00:03:44]} a6 {[%clk 01:12:35]}
{[%emt 00:04:07]} 13. a3 {[%clk 01:10:02]} {[%emt 00:10:35]} Re8 {[%clk
01:03:01]} {[%emt 00:09:38]} 14. Qd3 {[%clk 01:08:24]} {[%emt 00:01:43]} Qd8
{[%clk 00:59:42]} {[%emt 00:03:23]} 15. h4 {[%clk 01:03:51]} {[%emt 00:04:39]}
f6 {[%clk 00:51:16]} {[%emt 00:08:32]} 16. exf6 {[%clk 01:02:28]} {[%emt
00:01:28]} Bxf6 {[%clk 00:50:45]} {[%emt 00:00:35]} 17. Ng5 {[%clk 00:56:23]}
{[%emt 00:06:10]} Nf8 {[%clk 00:41:43]} {[%emt 00:09:06]} 18. Nxd5 {[%clk
00:46:29]} {[%emt 00:10:00]} Bxd4 {[%clk 00:35:29]} {[%emt 00:06:18]} 19. Be4
{[%clk 00:45:20]} {[%emt 00:01:15]} g6 {[%clk 00:33:51]} {[%emt 00:01:42]} 20.
Nc7 {[%clk 00:42:49]} {[%emt 00:02:37]} e5 {[%clk 00:30:20]} {[%emt 00:03:36]}
21. Qc4+ {[%emt 00:07:55]} 1-0

[Event "National Elementary Championship"]
[Site "Columbus, Ohio, United States"]
[Date "2022.05.14"]
[Round "5.5"]
[White "Ziegler, Nate"]
[Black "Casares, Santiago"]
[Result "1-0"]
[TimeControl "G/90;d5"]
[WhiteElo "1985"]
[BlackElo "2080"]

1. c4 {[%clk 01:30:00]} {[%emt 00:00:05]} g6 {[%clk 01:26:10]} {[%emt
00:03:57]} 2. Nc3 {[%clk 01:29:58]} {[%emt 00:00:37]} c5 {[%clk 01:26:05]}
{[%emt 00:00:08]} 3. g3 {[%clk 01:29:55]} Bg7 {[%clk 01:25:49]} 4. Bg2 {[%clk
01:29:55]} {[%emt 00:00:20]} Nc6 {[%clk 01:25:48]} 5. Nf3 {[%clk 01:29:55]} e6
{[%clk 01:25:45]} {[%emt 00:00:04]} 6. O-O {[%clk 01:29:16]} {[%emt 00:00:49]}
Nge7 {[%clk 01:25:34]} {[%emt 00:00:44]} 7. d3 {[%clk 01:28:06]} {[%emt
00:00:37]} O-O {[%clk 01:25:18]} {[%emt 00:00:38]} 8. a3 {[%clk 01:25:18]}
{[%emt 00:02:48]} h6 {[%clk 01:24:04]} {[%emt 00:01:07]} 9. Bd2 {[%clk
01:24:21]} {[%emt 00:01:02]} d5 {[%clk 01:22:09]} {[%emt 00:01:55]} 10. Qc1
{[%clk 01:21:12]} {[%emt 00:03:21]} Kh7 {[%clk 01:20:52]} {[%emt 00:01:19]} 11.
Rb1 {[%clk 01:19:16]} {[%emt 00:02:05]} b6 {[%clk 01:14:52]} {[%emt 00:06:04]}
12. cxd5 {[%clk 01:16:51]} {[%emt 00:02:27]} exd5 {[%clk 01:14:16]} {[%emt
00:00:41]} 13. b4 {[%clk 01:16:34]} {[%emt 00:00:26]} cxb4 {[%clk 01:11:58]}
{[%emt 00:02:20]} 14. axb4 {[%clk 01:16:23]} {[%emt 00:00:27]} Be6 {[%clk
01:10:21]} {[%emt 00:01:26]} 15. Qa3 {[%clk 01:09:13]} {[%emt 00:07:19]} Qd7
{[%clk 01:00:51]} {[%emt 00:09:34]} 16. Rfc1 {[%clk 01:06:59]} {[%emt
00:02:30]} Rfc8 {[%clk 00:59:21]} {[%emt 00:01:24]} 17. e3 {[%clk 00:56:52]}
{[%emt 00:10:15]} Bg4 {[%clk 00:47:17]} {[%emt 00:12:04]} 18. d4 {[%clk
00:54:15]} {[%emt 00:02:47]} a5 {[%clk 00:30:53]} {[%emt 00:16:27]} 19. b5
{[%clk 00:52:47]} {[%emt 00:01:31]} Nb4 {[%clk 00:29:14]} {[%emt 00:01:46]} 20.
Ne1 {[%clk 00:48:39]} {[%emt 00:04:09]} Bf5 {[%clk 00:27:30]} {[%emt 00:01:54]}
21. Rb2 {[%clk 00:47:02]} {[%emt 00:01:38]} Ra7 {[%clk 00:19:38]} {[%emt
00:07:58]} 22. Bf1 {[%clk 00:45:41]} {[%emt 00:01:26]} Rac7 {[%clk 00:15:34]}
{[%emt 00:04:13]} 23. Ne2 {[%clk 00:45:14]} {[%emt 00:00:27]} Nc2 {[%clk
00:11:17]} {[%emt 00:04:23]} 24. Nxc2 {[%clk 00:43:08]} {[%emt 00:02:14]} Bxc2
{[%clk 00:11:13]} {[%emt 00:00:19]} 25. Bxa5 {[%clk 00:40:24]} {[%emt
00:02:43]} bxa5 {[%clk 00:10:41]} {[%emt 00:00:32]} 26. b6 {[%clk 00:40:18]}
{[%emt 00:00:21]} Rc4 {[%clk 00:09:56]} {[%emt 00:00:42]} 27. b7 {[%clk
00:39:47]} {[%emt 00:00:33]} Rb8 {[%clk 00:09:02]} {[%emt 00:01:17]} 28. Rbxc2
{[%clk 00:38:33]} {[%emt 00:01:03]} Rxc2 {[%emt 00:00:13]} 29. Rxc2 {[%clk
00:38:26]} {[%emt 00:00:06]} Rxb7 {[%clk 00:08:29]} {[%emt 00:00:34]} 30. Qxa5
{[%clk 00:38:17]} {[%emt 00:00:19]} Nc6 {[%clk 00:07:32]} {[%emt 00:00:57]} 31.
Qc5 {[%clk 00:37:39]} {[%emt 00:00:44]} Nb4 {[%clk 00:06:55]} {[%emt 00:00:44]}
32. Rb2 {[%clk 00:36:21]} {[%emt 00:01:20]} Nd3 {[%emt 00:00:27]} 33. Rxb7
{[%clk 00:36:14]} {[%emt 00:00:06]} Nxc5 {[%clk 00:06:42]} {[%emt 00:00:03]} 34.
Rxd7 {[%clk 00:36:11]} {[%emt 00:00:09]} Nxd7 {[%clk 00:06:42]} 35. Nf4 {[%clk
00:36:06]} {[%emt 00:00:13]} Nb6 {[%clk 00:06:36]} {[%emt 00:00:06]} 36. Bg2
{[%clk 00:36:03]} {[%emt 00:00:14]} g5 {[%clk 00:06:16]} {[%emt 00:00:18]} 37.
Nxd5 {[%clk 00:35:47]} {[%emt 00:00:21]} Nxd5 {[%clk 00:06:16]} {[%emt
00:00:10]} 38. Bxd5 {[%clk 00:35:24]} {[%emt 00:00:22]} Kg6 {[%clk 00:06:02]}
{[%emt 00:00:16]} 39. Kg2 {[%clk 00:35:16]} {[%emt 00:00:13]} f5 {[%clk
00:05:54]} {[%emt 00:00:15]} 40. Kf1 {[%clk 00:34:47]} {[%emt 00:00:32]} Kf6
{[%clk 00:05:48]} {[%emt 00:00:29]} 41. Ke2 {[%clk 00:34:42]} Bf8 {[%clk
00:05:41]} {[%emt 00:00:09]} 42. h3 {[%clk 00:34:20]} {[%emt 00:00:24]} h5
{[%clk 00:05:27]} {[%emt 00:00:21]} 43. Bf3 {[%clk 00:33:58]} {[%emt 00:00:26]}
g4 {[%clk 00:05:27]} {[%emt 00:00:07]} 44. hxg4 {[%clk 00:33:42]} {[%emt
00:00:16]} hxg4 {[%clk 00:05:27]} {[%emt 00:00:06]} 45. Bb7 {[%clk 00:33:29]}
{[%emt 00:00:16]} Bd6 {[%clk 00:04:55]} {[%emt 00:00:35]} 46. Bc8 {[%clk
00:33:24]} {[%emt 00:00:12]} Kg5 {[%clk 00:04:32]} {[%emt 00:00:27]} 47. Bd7
{[%clk 00:32:08]} {[%emt 00:01:32]} Bb4 {[%clk 00:04:29]} {[%emt 00:00:08]} 48.
f3 {[%clk 00:31:43]} {[%emt 00:00:19]} Ba5 {[%clk 00:04:01]} {[%emt 00:00:36]}
49. fxg4 {[%clk 00:31:21]} {[%emt 00:00:25]} Kxg4 {[%clk 00:03:56]} {[%emt
00:00:08]} 50. e4 {[%clk 00:30:57]} {[%emt 00:00:31]} Kxg3 {[%clk 00:03:51]}
{[%emt 00:00:08]} 51. Bxf5 {[%clk 00:30:57]} {[%emt 00:00:38]} Kf4 {[%clk
00:03:51]} 52. Kd3 {[%clk 00:30:39]} {[%emt 00:00:04]} Bc7 {[%clk 00:03:42]}
{[%emt 00:00:05]} 53. Kc4 {[%clk 00:30:36]} {[%emt 00:00:35]} Kg5 {[%clk
00:03:39]} {[%emt 00:00:03]} 54. Kd5 {[%clk 00:30:33]} Kf6 {[%clk 00:03:39]} 55.
Bh3 {[%clk 00:30:20]} {[%emt 00:00:09]} Ke7 {[%clk 00:03:35]} {[%emt 00:00:27]}
56. e5 {[%clk 00:30:12]} Bb6 {[%clk 00:03:35]} 57. Kc4 {[%clk 00:30:02]} {[%emt
00:00:17]} Bc7 {[%clk 00:03:31]} {[%emt 00:00:07]} 58. Kc5 {[%clk 00:29:56]}
{[%emt 00:00:20]} Bb8 {[%clk 00:03:31]} {[%emt 00:00:30]} 59. Kd5 {[%clk
00:29:55]} Ba7 {[%clk 00:03:26]} {[%emt 00:00:04]} 60. Ke4 {[%clk 00:29:55]}
Bb6 {[%clk 00:03:20]} {[%emt 00:00:04]} 61. Bg4 {[%clk 00:26:37]} {[%emt
00:03:13]} Kf7 {[%clk 00:02:48]} {[%emt 00:00:41]} 62. d5 {[%clk 00:26:32]}
{[%emt 00:00:06]} Bc5 {[%clk 00:02:41]} {[%emt 00:00:19]} 63. d6 {[%clk
00:26:28]} {[%emt 00:00:09]} Ba3 {[%clk 00:01:45]} {[%emt 00:00:56]} 64. Kd5
{[%clk 00:26:18]} {[%emt 00:00:28]} Ke8 {[%clk 00:01:38]} {[%emt 00:00:04]} 65.
e6 {[%clk 00:25:57]} {[%emt 00:00:26]} Bb2 {[%clk 00:01:38]} 66. e7 {[%clk
00:25:51]} {[%emt 00:00:17]} Bf6 {[%clk 00:00:41]} {[%emt 00:00:53]} 67. Bh5+
{[%clk 00:25:51]} {[%emt 00:00:35]} 1-0